Донбасс героический (Запись № 5255256)

Подробности
000 -МАРКЕР
контрольное поле 01021nam0a22002531 4500
001 - ИДЕНТИФИКАТОР ЗАПИСИ
контрольное поле rc\2644047
005 - ИДЕНТИФИКАТОР ВЕРСИИ
контрольное поле 20260406113210.0
035 ## - ДРУГИЕ СИСТЕМНЫЕ НОМЕРА
Идентификатор записи (NLR Aleph) 006951840
100 ## - ДАННЫЕ ОБЩЕЙ ОБРАБОТКИ
Данные общей обработки 20110607f19171994|||y0rusy50 ca
101 0# - ЯЗЫК РЕСУРСА
Язык текста, звукозаписи и т.д. русский
102 ## - СТРАНА ПУБЛИКАЦИИ ИЛИ ПРОИЗВОДСТВА
Страна публикации Российская Федерация
105 ## - ПОЛЕ КОДИРОВАННЫХ ДАННЫХ: ТЕКСТОВЫЕ МАТЕРИАЛЫ, МОНОГРАФИЧЕСКИЕ
Кодированные данные о монографическом текстовом документе y z |||||
200 1# - ЗАГЛАВИЕ И СВЕДЕНИЯ ОБ ОТВЕТСТВЕННОСТИ
Основное заглавие Донбасс героический
Сведения, относящиеся к заглавию Очерки шахтера
Первые сведения об ответственности К. Гудок-Еремеев
Последующие сведения об ответственности С предисл. М. Горького
210 ## - ПУБЛИКАЦИЯ, РАСПРОСТРАНЕНИЕ И ДР.
Место издания, распространения и т.д. [Москва]
Имя издателя, распространителя и т. д. Моск. т-во писателей
Дата издания, распространения и т.д. Б. г.
Имя изготовителя 6-я тип. Транспечати
215 ## - ФИЗИЧЕСКАЯ ХАРАКТЕРИСТИКА
Специфическое обозначение материала и объем 160 с.
Размеры 21х15 см
700 #1 - ИМЯ ЛИЦА - ПЕРВИЧНАЯ ОТВЕТСТВЕННОСТЬ
Графика поля Кириллица
Материалы, к которым относится поле rus
Начальный элемент ввода Гудок-Еремеев
Часть имени, кроме начального элемента ввода К. А.
Дополнения к именам, кроме дат шахтер, литератор
Даты 1897-1943
Расширение инициалов личного имени Константин Афанасьевич
Системный номер авторитетной/нормативной записи 208954
Идентификатор авторитетной/нормативной записи RU\NLR\AUTH\770209008
702 #1 - ИМЯ ЛИЦА - ВТОРИЧНАЯ ОТВЕТСТВЕННОСТЬ
Код отношения Автор введения, предисловия, примечания и т.п.
Материалы, к которым относится поле rus
Графика поля Кириллица
Начальный элемент ввода Горький
Часть имени, кроме начального элемента ввода М.
Даты 1868-1936
Расширение инициалов личного имени Максим
Идентификатор авторитетной/нормативной записи RU\NLR\AUTH\77104
Системный номер авторитетной/нормативной записи 110200
801 #0 - ИСТОЧНИК ЗАПИСИ
Страна Российская Федерация
Организация NLR
Правила каталогизации psbo
801 #1 - ИСТОЧНИК ЗАПИСИ
Страна Российская Федерация
Организация ELAR
Источник данных rusmarc
852 ## - МЕСТОНАХОЖДЕНИЕ И ШИФР ХРАНЕНИЯ
Идентификатор организации NLR
Шифр хранения (Call Number) 31-3/358
942 ## - ДОПОЛНИТЕЛЬНЫЕ ЭЛЕМЕНТЫ ЗАПИСИ (АБИС)
Тип экземпляра АБИС Книга
980 ## - КОЛЛЕКЦИЯ
Название коллекции Национальная библиография
Экземпляры
Тип экземпляра Дата поступления Библиотека постоянного хранения Библиотека текущего хранения Место хранения Шифр хранения Штрих-код Статус экземпляра
Книга 26.10.2013 РНБ (Садовая) РНБ (Садовая) Русский книжный фонд -Главное здание, Ленинский читальный зал 31-3/358 6951840-10